Quizzes
Events
Quiz Creation
Community
Videos
Private Events
Remove Ads
Sign In
Join for FREE
Feedback
Dark Mode
Quiz Categories
Sports
Geography
Music
Movies
Television
Just For Fun
Miscellaneous
History
Literature
Language
Science
Gaming
Entertainment
Religion
Holiday
For Kids
Quiz Lab
Recent
Popular Today
Quiz Kudos Today
Editor Picks
Curator Picks
Quizzes by...
Day
Popularity
Type
Ratings
Length
Year
Community
Subscriptions
Recent Discussions
Orange Saloon
Badges
Playlists
Quests
Create
Leaderboards
Showdown
Live 5
Trivia Bingo
Activity
Puzzle Library
Sporcle Events
Private Events
Virtual Trivia
Globe League
Become a Host
Pub Owners
SporcleCon
Opinionation
Our Games
Videos
Blog
Mobile Apps
Partnerships
Remove Ads and Go Orange
Feedback
Sports
Athletes
MLB
NBA
NHL
NFL
Soccer
Sports Teams
WWE
NCAA
Football
Premier League
Basketball
Baseball
Hockey
Golf
Tennis
Cricket
Rugby
Auto Racing
Olympics
World Cup
Sports
Athletes
MLB
NBA
NHL
NFL
Soccer
Sports Teams
WWE
NCAA
Football
Premier League
Basketball
Baseball
Hockey
Golf
Tennis
Cricket
Rugby
Auto Racing
Olympics
World Cup
Random Quiz
Search Sporcle
×
Quiz Lab
Quiz Lab
Sports
Player
Type in answers that appear in a list
Type in answers that appear in a list
Classic
Best Score? Go Orange.
Every Eastern All Star Starting Lineup Since 1970 Stats
Can you name the Every Eastern All Star Starting Lineup Since 1970?
By
SeanColeman24
15m
235 Questions
103 Plays
103 Plays
103 Plays
Comments
Comments
Give Quiz Kudos
Give Quiz Kudos
-
- Ratings
hide this ad
Replay
Link that replays current quiz
Next Quiz
Link to next quiz in quiz playlist
You Got
0%
They Got
Avg Score
71%
Avg Friend Score
Upgrade to see
Score Distribution
Jump to the score distribution portion of the page
Score
0/235
Timer
15:00
0
Plays Today
Team
Player
% Correct
2016
LeBron James
97.1%
2015
LeBron James
97.1%
2014
LeBron James
97.1%
2013
LeBron James
97.1%
2012
LeBron James
97.1%
2011
LeBron James
97.1%
2010
LeBron James
97.1%
2009
LeBron James
97.1%
2008
LeBron James
97.1%
2007
LeBron James
97.1%
2006
LeBron James
97.1%
2005
LeBron James
97.1%
2017
LeBron James
97.1%
1998
Patrick Ewing
95.1%
1994
Isiah Thomas
95.1%
1993
Isiah Thomas
95.1%
1993
Patrick Ewing
95.1%
1992
Patrick Ewing
95.1%
1991
Isiah Thomas
95.1%
1991
Patrick Ewing
95.1%
1989
Isiah Thomas
95.1%
1987
Isiah Thomas
95.1%
1985
Isiah Thomas
95.1%
1984
Isiah Thomas
95.1%
1983
Isiah Thomas
95.1%
2002
Michael Jordan
94.2%
2000
Michael Jordan
94.2%
1998
Michael Jordan
94.2%
1997
Michael Jordan
94.2%
1994
Michael Jordan
94.2%
1993
Michael Jordan
94.2%
1993
Larry Bird
94.2%
1992
Michael Jordan
94.2%
1991
Michael Jordan
94.2%
1991
Larry Bird
94.2%
1989
Michael Jordan
94.2%
1989
Larry Bird
94.2%
1987
Larry Bird
94.2%
1985
Larry Bird
94.2%
1984
Larry Bird
94.2%
1983
Larry Bird
94.2%
1982
Larry Bird
94.2%
1981
Larry Bird
94.2%
1998
Scottie Pippen
93.2%
1997
Scottie Pippen
93.2%
1996
Scottie Pippen
93.2%
1995
Scottie Pippen
93.2%
1994
Scottie Pippen
93.2%
2016
Dwyane Wade
92.2%
2014
Dwayne Wade
92.2%
2013
Dwayne Wade
92.2%
2012
Dwayne Wade
92.2%
2011
Dwayne Wade
92.2%
2010
Dwayne Wade
92.2%
2009
Dwayne Wade
92.2%
2008
Dwayne Wade
92.2%
2007
Dwayne Wade
92.2%
2006
Dwayne Wade
92.2%
1994
Larry Johnson
89.3%
1988
Magic Johnson
89.3%
1986
Magic Johnson
89.3%
1982
Eddie Johnson
89.3%
1981
Eddie Johnson
89.3%
1980
Eddie Johnson
89.3%
1979
Marques Johnson
89.3%
2007
Shaquille O'Neal
87.4%
2006
Jermaine O'Neal
87.4%
2006
Shaquille O'Neal
87.4%
2005
Shaquille O'Neal
87.4%
2004
Jermaine O'Neal
87.4%
2003
Jermaine O'Neal
87.4%
1997
Shaquille O'Neal
87.4%
1996
Shaquille O'Neal
87.4%
1995
Shaquille O'Neal
87.4%
1994
Shaquille O'Neal
87.4%
2010
Allen Iverson
86.4%
2009
Allen Iverson
86.4%
2006
Allen Iverson
86.4%
2005
Allen Iverson
86.4%
Team
Player
% Correct
2004
Allen Iverson
86.4%
2003
Allen Iverson
86.4%
2002
Allen Iverson
86.4%
2001
Allen Iverson
86.4%
2012
Derrick Rose
84.5%
2011
Derrick Rose
84.5%
2005
Vince Carter
84.5%
2004
Vince Carter
84.5%
2003
Vince Carter
84.5%
2002
Vince Carter
84.5%
2001
Vince Carter
84.5%
1996
Reggie Miller
83.5%
2014
Kyrie Irving
82.5%
1987
Julius Erving
82.5%
1985
Julius Erving
82.5%
1984
Julius Erving
82.5%
1983
Julius Erving
82.5%
1982
Julius Erving
82.5%
1981
Julius Erving
82.5%
1980
Julius Erving
82.5%
2017
Kyrie Irving
82.5%
1978
Julius Erving
82.5%
2013
Kevin Garnett
81.6%
2010
Kevin Garnett
81.6%
2009
Kevin Garnett
81.6%
2008
Kevin Garnett
81.6%
1990
Karl Malone
81.6%
1989
Moses Malone
81.6%
1987
Moses Malone
81.6%
1984
Moses Malone
81.6%
1980
Moses Malone
81.6%
2016
Carmelo Anthony
80.6%
2015
Carmelo Anthony
80.6%
2014
Carmelo Anthony
80.6%
2013
Carmelo Anthony
80.6%
2012
Carmelo Anthony
80.6%
2015
John Wall
78.6%
2007
Chris Bosh
78.6%
1993
Charles Barkley
78.6%
1992
Charles Barkley
78.6%
1991
Charles Barkley
78.6%
1985
Robert Parish
78.6%
1972
Bob Love
78.6%
1992
Joe Dumars
77.7%
2004
Tracy McGrady
76.7%
2003
Tracy McGrady
76.7%
2001
Tracy McGrady
76.7%
1978
John Havlicek
76.7%
1976
John Havlicek
76.7%
1975
John Havlicek
76.7%
1973
John Havlicek
76.7%
1970
John Havlicek
76.7%
2008
Jason Kidd
75.7%
2004
Ben Wallace
75.7%
2003
Ben Wallace
75.7%
1989
Dominique Wilkins
75.7%
2012
Dwight Howard
74.8%
2011
Dwight Howard
74.8%
2010
Dwight Howard
74.8%
2009
Dwight Howard
74.8%
2008
Dwight Howard
74.8%
1977
Bobby Jones
74.8%
2001
Alonzo Mourning
71.8%
1970
Willis Reed
71.8%
1976
Walt Frazier
69.9%
1975
Walt Frazier
69.9%
1973
Walt Frazier
69.9%
1970
Walt Frazier
69.9%
2000
Penny Hardaway
68.9%
1998
Penny Hardaway
68.9%
1997
Penny Hardaway
68.9%
1996
Penny Hardaway
68.9%
1986
Kareem Abdul-Jabbar
68.9%
1979
Kareem Abdul-Jabbar
68.9%
1974
Kareem Abdul-Jabbar
68.9%
1972
Kareem Abdul-Jabbar
68.9%
1971
Kareem Abdul-Jabbar
68.9%
2002
Antoine Walker
68%
1974
Chet Walker
68%
Team
Player
% Correct
1992
Bernard King
67%
1988
Alvin Robertson
66%
1970
Oscar Robertson
66%
2013
Rajon Rondo
64.1%
2005
Grant Hill
62.1%
2001
Grant Hill
62.1%
2000
Grant Hill
62.1%
1998
Grant Hill
62.1%
1997
Grant Hill
62.1%
1996
Grant Hill
62.1%
1976
Elvin Hayes
61.2%
1975
Elvin Hayes
61.2%
2017
DeMar DeRozan
60.2%
1978
Dave Cowens
59.2%
1973
Dave Cowens
59.2%
2016
Paul George
57.3%
2014
Paul George
57.3%
1975
Earl Monroe
57.3%
2002
Dikembe Mutombo
55.3%
2000
Dikembe Mutombo
55.3%
2016
Kyle Lowry
53.4%
2015
Kyle Lowry
53.4%
1984
Maurice Cheeks
53.4%
2007
Gilbert Arenas
52.4%
1987
Sidney Moncrief
52.4%
1985
Sidney Moncrief
52.4%
1973
Pete Maravich
52.4%
1983
Tiny Archibald
51.5%
2017
Jimmy Butler
48.5%
1976
Bob McAdoo
48.5%
1975
Bob McAdoo
48.5%
1976
Dave Bing
47.6%
1971
Dave Bing
47.6%
2011
Amar'e Stoudemire
45.6%
1986
Adrian Dantley
45.6%
1995
Kenny Anderson
43.7%
1986
George Gervin
42.7%
1980
George Gervin
42.7%
1978
George Gervin
42.7%
1971
Jerry Lucas
42.7%
1973
Dave DeBusschere
41.7%
1983
Artis Gilmore
40.8%
1982
Artis Gilmore
40.8%
1981
Artis Gilmore
40.8%
1972
Jerry West
40.8%
1971
Jerry West
40.8%
1990
Hakeem Olajuwon
39.8%
1988
Hakeem Olajuwon
39.8%
2015
Pau Gasol
38.8%
1979
David Thompson
38.8%
1977
David Thompson
38.8%
1970
Billy Cunningham
36.9%
1995
Derrick Coleman
35.9%
1990
Alex English
35%
1988
James Worthy
34%
2017
Giannis Antetokounmpo
34%
1974
Rick Barry
33%
1990
John Stockton
32%
1995
B.J. Armstrong
27.2%
1979
George McGinnis
27.2%
2000
Shawn Kemp
25.2%
1977
Norm Van Lier
23.3%
1982
Reggie Theus
22.3%
1981
Reggie Theus
22.3%
1972
Spencer Haywood
21.4%
1986
Ralph Sampson
20.4%
1977
Dan Issel
19.4%
1971
Connie Hawkins
19.4%
1990
Dale Ellis
16.5%
1988
Tom Chambers
16.5%
1974
Gail Goodrich
16.5%
1972
Gail Goodrich
16.5%
1980
John Drew
13.6%
1979
Paul Westphal
11.7%
1977
Paul Westphal
11.7%
1978
Larry Kenon
6.8%
1974
Geoff Petrie
2.9%
Quiz Playlist
Details
Report
Send in Message
Add To Playlist
Classic:
Type in answers that appear in a list
Last Updated: Feb 27, 2017
Quiz Scoreboard
CHALLENGE
Sign Up to Join the Scoreboard
Show All
Scores
Hide
Comments
May contain spoilers
Recently Published
Billboard Blitz: Fleetwood Mac
by CooCooCachoo
Music
15s
Presidents Visiting Landmarks
by Hejman
History
7m
An Introduction to Baseball
by treessimontrees
Sports
5m
More to Explore
Quiz From the Vault
Featured Blog Post
Where Did the Easter Bunny Come From?
hide this ad
You Might Also Like...
Tags
1970s
Eastern
lineup
Player
star
Starting
Starting Lineups
team
Today's Top Quizzes in Sports
Browse Sports
hide this ad
Today's Top Quizzes in Player
Browse Player
Top Contributed Quizzes in Sports
1
Les meilleurs buteurs des matchs entre le PSG et l’OM
2
2022 World Cup Stars
3
FIFA Club World Cup Champions
4
Les entraîneurs de l'OM et du PSG au 21e siècle
5
Criteria MLB: Left Handed Sluggers
6
Name the Premier League winners with different clubs
7
5-to-1: UK Sports Teams
8
AFC Teams Reveal (Wrong Answers Minefield)
9
Players with Multiple 50 Home Run Seasons
10
5-to-1: FBS Animal Nicknames
Explore More
Trending Topics
Marvel
Anime
Kpop
Crossword
Disney
Harry Potter
NBA
NFL
The Office
Pokémon
Soccer
Puzzle
Country
Song
WWE
hide this ad
More By:
SeanColeman24
Quiz
Plays
Rating
Category
Featured
Created
NFL Runningbacks From Every Team (starters)
920
1.67
Sports
Aug 14, 2013
Most popular resturants
809
1.29
Just For Fun
Apr 8, 2011
50 Best Soccer Players 2014-15
658
2.29
Sports
Nov 19, 2014
Top 10 Scooby-Doo Vilians
639
1.00
Just For Fun
Apr 9, 2011
NCAA Top 100 All Time Leaders in Passing Yards
402
3.20
Sports
Oct 6, 2015
Go to Creator's Profile
Score Distribution
Quiz Creator Spotlight
SeanColeman24
Follow
Send a Message
Quizzes Created
-
Created Quiz Play Count
-
More By This Creator
Popular Quizzes Today
1
Find the US States - No Outlines Minefield
2
Find the Countries of Europe - No Outlines Minefield
3
The Countries of the World
4
Find the US States
5
US States
6
Risky Map Clicking: Biggest States A-Z
7
Popular People in 1961
8
Movies - When Are They Set?
More Sports Quizzes
Ballon d'Or Without Messi and Ronaldo
Curator's Pick
Trending Quizzes
Risky Map Clicking: Least Populous States A-Z
1-10 Letter G Words
1-10 Letter F Words
Risky Map Clicking: Next State Alphabetically
Risky Map Clicking: Biggest States A-Z
Recently Updated
Leaping Animals
pecheneg
Reality TV Shows (A-Z)
bhenderson79
Rickey Henderson's Hall of Fame Teammates
pecheneg
Champions League XIs: Arsenal
pecheneg
Quick Pick: Celebrities in WWE's Hall of Fame
aduchscher
A-Z Keypad Blitz II
pecheneg
Multiple Oscar Actors
pecheneg
Mystery Phrase Blitz: Oscar 'Best Actors'
pecheneg
F. Scott Fitzgerald Novels
LTH
Pick 3 Villains
ddd62291
Trending Topics
Crossword
Kpop
Anime
Disney
Marvel
NBA
Harry Potter
The Office
Puzzle
WWE
NFL
Country
Song
Soccer
Pokémon
Your Account Isn't Verified!
In order to create a playlist on Sporcle, you need to verify the email address you used during registration. Go to your
Sporcle Settings
to finish the process.
Report this User
Report this user for behavior that violates our
Community Guidelines
.
Details:
Send Report
Go to the Sporcle.com Mobile Site →
Comments